00525nam a2200133Ia 4500008004100000100002400041245012900065245005000194260005300244260000900297300000900306650001500315856006100330170221s9999 xx 000 0 und d aSiti Husmila Hussin 4aThe Impact of Regulations on Genetically Modifi ed Food Acceptance among Malaysian Food Manufacturers: A Proposed Framework  cSiti Husmila Hussin, Risyawati Mohamed Ismail bInternational Review of Management and Marketing c2016 a15 : xMarketing. uhttp://www.econjournals.com/index.php/irmm/issue/view/97